Visualizzazione normale
Vista MARC
- Monda Andrea
di Personal Name
Records bibliografici associati: 1
001 - CONTROL NUMBER
- control field: 59125
003 - CONTROL NUMBER IDENTIFIER
- control field:
005 - DATE AND TIME OF LATEST TRANSACTION
- control field: 20220905135642.0
008 - FIXED-LENGTH DATA ELEMENTS
- fixed length control field: 220905|| aca||aabn | a|a d
040 ## - CATALOGING SOURCE
- Original cataloging agency:
- Transcribing agency:
100 ## - HEADING--PERSONAL NAME
- Personal name: Monda Andrea
670 ## - SOURCE DATA FOUND
- Source citation: Work cat.: (): Monda Andrea, Buongiorno Professore!, 2017